[Event "Ostend op"]
[Site "Ostend"]
[Date "1987.??.??"]
[Round "1"]
[White "Hofman, Ron"]
[Black "Watson, William N"]
[Result "1/2-1/2"]
[WhiteElo "2280"]
[BlackElo "2530"]

1.d4 Nf6 2.c4 g6 3.Nc3 Bg7 4.e4 d6 5.Be2 O-O 6.Nf3 e5 7.O-O Nc6 8.d5 Ne7
9.Nd2 c5 10.dxc6 bxc6 11.b4 d5 12.b5 d4 13.Na4 Bh6 14.Bd3 Nh5 15.Re1 Kh8
16.Ba3 Nf4 17.Nb3 Nxd3 18.Qxd3 cxb5 19.cxb5 a6 20.Bxe7 Qxe7 21.Nac5 axb5
22.Qxb5 Ra3 23.Nd3 Re8 24.Nbc5 Bg4 25.h3 Bc8 26.Re2 Kg8 27.Rb1 Rd8 28.Qc6 Bf8
29.Rb3 Qa7 30.Qb6 Qxb6 31.Rxb6 Rc3 32.Rb5 Bxc5 33.Nxc5 h5 34.a4 Kg7 35.a5 d3
36.Rd2 Rc2 37.Rxd3 Rxc5 38.Rxd8 Rxb5 39.Rxc8 Rxa5 40.h4 Kf6 41.Rc6+ Ke7 42.Rb6 Ra4
43.f3 Rd4 44.Kf2 Rd6 45.Rb8 Kd7 46.Rb7+ Ke6 47.Rb8 Ra6 48.Kg3 Ra7 49.Rb6+ Ke7
50.Kf2 Ra2+  1/2-1/2

[Event "Pancevo"]
[Site "Pancevo"]
[Date "1987.??.??"]
[Round "?"]
[White "Vasiljevic, Dragan"]
[Black "Tringov, Georgi P"]
[Result "0-1"]
[WhiteElo "2340"]
[BlackElo "2430"]

1.d4 Nf6 2.c4 g6 3.Nc3 Bg7 4.e4 d6 5.Nf3 O-O 6.Be2 e5 7.O-O Nc6 8.d5 Ne7
9.Ne1 Ne8 10.Nd3 f5 11.f4 exf4 12.Nxf4 c5 13.Nd3 Nf6 14.e5 dxe5 15.Nxc5 f4
16.N5e4 Nf5 17.Nxf6+ Qxf6 18.c5 Nd4 19.Bf3 Bf5 20.d6 Qf7 21.Bd5 Be6 22.Be4 g5
23.Be3 Kh8 24.Bxd4 exd4 25.Ne2 Bc4 26.Rf2 Rae8 27.Qc2 Qe6 28.Bd3 Bxd3 29.Qxd3 Qd5
30.b4 Re3 31.Qd2 d3 32.Rd1 Qc4 33.Nc1 Bc3 34.Qxe3 fxe3 35.Rxf8+ Kg7 36.d7  0-1

[Event "Pavlodar"]
[Site "Pavlodar"]
[Date "1987.??.??"]
[Round "?"]
[White "Dokhoian, Yury"]
[Black "Loginov, Valery A"]
[Result "0-1"]
[WhiteElo "2525"]
[BlackElo "2355"]

1.d4 Nf6 2.c4 g6 3.Nc3 Bg7 4.e4 d6 5.Be2 O-O 6.Nf3 e5 7.O-O Nc6 8.d5 Ne7
9.Nd2 a5 10.Rb1 Nd7 11.a3 f5 12.b4 Kh8 13.f3 f4 14.Nb3 axb4 15.axb4 g5 16.c5 Nf6
17.Bd2 h5 18.Ra1 Rxa1 19.Qxa1 g4 20.cxd6 cxd6 21.Qa5 b6 22.Qa7 Ng6 23.Nb5 Ne8
24.fxg4 hxg4 25.g3 Bd7 26.Qb7 Kg8 27.Rf2 Nf6 28.Nc3 Nh5 29.Be1 Rf7 30.Rf1 f3
31.Bc4 Bb5 32.Qxf7+ Kxf7 33.Nxb5 Nf6 34.Bd3 Qd7 35.Nd2 Kg8 36.Bf2 Bh6 37.Nb1 Nf8
38.N1c3 Bd2 39.Ra1 Qh7 40.Ra4 Qh6 41.Bf1 Bxc3 42.Nxc3 Qd2 43.Ra3 Qb2 44.Nb5 Nxe4
45.Bxb6 Nd2  0-1

[Event "Philadelphia op"]
[Site "Philadelphia"]
[Date "1987.??.??"]
[Round "?"]
[White "Meyer, E."]
[Black "Root, Douglas"]
[Result "1-0"]
[WhiteElo "2450"]
[BlackElo "2410"]

1.c4 Nf6 2.Nc3 g6 3.e4 d6 4.d4 Bg7 5.Be2 O-O 6.Nf3 e5 7.O-O Nc6 8.d5 Ne7
9.Nd2 c5 10.Rb1 Bd7 11.b4 b6 12.bxc5 bxc5 13.Nb3 Qc7 14.Be3 Rfb8 15.f4 Ne8
16.Qe1 f5 17.g4 exf4 18.Bxf4 Nf6 19.gxf5 Rf8 20.Qg3 Ne8 21.Kh1 gxf5 22.Bh5 fxe4
23.Nxe4 Nf5 24.Qg2 Nf6 25.Bxd6 Nxd6 26.Nxf6+ Kh8 27.Nxd7 Qxd7 28.Nxc5 Qe7
29.Ne6 Rxf1+ 30.Rxf1 Rg8 31.c5 Nc4 32.Bf7 Ne3 33.Qg1 Nxf1 34.Bxg8 Be5 35.Qxf1 Qh4
36.Qe2 Bxh2 37.Qxh2 Qe4+ 38.Kg1 Qe1+ 39.Kg2 Qe2+ 40.Kg3 Qe5+ 41.Nf4 Kxg8
42.Qd2 h5 43.d6 Qg5+ 44.Kf3  1-0

[Event "Philadelphia op"]
[Site "Philadelphia"]
[Date "1987.??.??"]
[Round "?"]
[White "Frias, Victor J"]
[Black "Blocker, Calvin"]
[Result "1-0"]
[WhiteElo "2455"]
[BlackElo "2370"]

1.d4 Nf6 2.Nf3 g6 3.c4 Bg7 4.Nc3 O-O 5.e4 d6 6.Be2 e5 7.O-O Nc6 8.d5 Ne7
9.Ne1 Ne8 10.Nd3 f5 11.exf5 gxf5 12.f4 e4 13.Nf2 c5 14.Be3 Nf6 15.Kh1 a6
16.Rb1 b6 17.Qd2 Bd7 18.b4 Be8 19.a4 Ng6 20.a5 cxb4 21.Rxb4 bxa5 22.Rbb1 Rc8
23.g3 Ne7 24.Rfc1 Nd7 25.Na4 Nc5 26.Nxc5 dxc5 27.Rb7 Ng6 28.Rcb1 Rf7 29.R7b6 Rf6
30.Rb7 Rd6 31.g4 Ne7 32.gxf5 Nxf5 33.Nxe4 Rh6 34.Bg4 Bg6 35.Rxg7+ Kxg7 36.Rg1 Kf7
37.Ng5+ Ke8 38.Re1 Kd7 39.Bf2 Qf6 40.Qxa5 Qb2 41.Ne4 Ke7 42.Qxa6 Rf8 43.Qe6+ Kd8
44.Bxf5 Bxf5 45.Qxh6  1-0

[Event "Poznan"]
[Site "Poznan"]
[Date "1987.??.??"]
[Round "?"]
[White "Schmidt, Wlodzimierz"]
[Black "Nowak, Ignacy"]
[Result "1/2-1/2"]
[WhiteElo "2470"]
[BlackElo "2400"]

1.Nf3 Nf6 2.c4 g6 3.Nc3 Bg7 4.d4 O-O 5.e4 d6 6.Be2 e5 7.O-O Nc6 8.d5 Ne7
9.Ne1 Nd7 10.f3 f5 11.Be3 f4 12.Bf2 g5 13.Nb5 b6 14.b4 Rf6 15.Rc1 a6 16.Nc3 Rh6
17.g4 fxg3 18.Bxg3 Ng6 19.Ng2 Nf4 20.Ne3 Nf6 21.c5 N6h5 22.Ng4 Nh3+ 23.Kg2 N3f4+
24.Kg1 Nh3+  1/2-1/2

[Event "FRA-ch"]
[Site "Rouen"]
[Date "1987.??.??"]
[Round "3"]
[White "Andruet, Gilles"]
[Black "Degraeve, Jean Marc"]
[Result "1/2-1/2"]
[WhiteElo "2390"]
[BlackElo "2310"]

1.d4 Nf6 2.c4 g6 3.Nc3 Bg7 4.e4 d6 5.Be2 O-O 6.Nf3 e5 7.O-O Nc6 8.d5 Ne7
9.Nd2 c5 10.Rb1 Ne8 11.b4 b6 12.bxc5 bxc5 13.Nb3 f5 14.Bg5 h6 15.Bxe7 Qxe7
16.Na5 Rf7 17.exf5 gxf5 18.Bh5 Rf8 19.Nc6 Qd7 20.Bxe8 Rxe8 21.Nb5 a6 22.Nc3 Bb7
23.Na4 Bxc6 24.dxc6 Qxc6 25.Rb6 Qc7 26.Rxd6 Rad8 27.Qd5+ Kh8 28.Rd1 Rxd6
29.Qxd6 Qxd6 30.Rxd6 Rb8 31.g3 Rb4 32.Nxc5 Rxc4 33.Ne6 Bf6 34.Rxa6 Rc2 35.Nf8 Bg7
36.Ne6 Bf6 37.Nf8 Bg7 38.Ra8 Kg8 39.Ng6+ Kf7 40.Nh4 f4 41.Ra7+ Kg8 42.Ra8+ Kf7
43.Ra4 Bf8 44.Nf3 fxg3 45.hxg3 Ke6 46.Ne1 Rd2 47.Nf3 Rc2 48.Ra6+ Kf5 49.Nh4+ Ke4
50.a4 Bc5 51.Rf6 Ra2 52.Kg2 h5 53.Rf5 Bd4 54.a5 Rxa5 55.f3+ Kd3 56.Rxh5 Ra2+
57.Kh3 e4 58.fxe4 Kxe4 59.Rg5 Be5 60.Rg4+ Kd5 61.Nf3 Bxg3 62.Kxg3 Ra3 63.Rd4+ Kc5
64.Rd8  1/2-1/2

[Event "ARG-ch"]
[Site "Salta"]
[Date "1987.??.??"]
[Round "?"]
[White "Ricardi, Pablo"]
[Black "Sorin, Ariel"]
[Result "0-1"]
[WhiteElo "2445"]
[BlackElo "2345"]

1.d4 Nf6 2.Nf3 g6 3.c4 Bg7 4.Nc3 d6 5.e4 O-O 6.Be2 e5 7.O-O Nc6 8.d5 Ne7
9.Nd2 a5 10.Rb1 c5 11.a3 Bh6 12.b4 axb4 13.axb4 b6 14.bxc5 bxc5 15.Nb3 Bxc1
16.Qxc1 Nd7 17.Nb5 Ra6 18.Ra1 Qb6 19.Qg5 f6 20.Qh4 Rf7 21.Bg4 f5 22.Bh3 Nf6
23.exf5 gxf5 24.Qg5+ Kh8 25.Rxa6 Bxa6 26.Bxf5 Nxf5 27.Qxf5 Bxb5 28.cxb5 Qxb5
29.Ra1 Qxb3 30.Ra8+ Ng8 31.Rxg8+ Kxg8 32.Qg5+ Rg7 33.Qd8+ Kf7 34.Qd7+ Kf6
35.Qe6+ Kg5 36.h4+ Kh5 37.Qf5+ Kh6 38.Kh2 Qb7 39.g4 Qf7 40.g5+ Kh5  0-1

[Event "St Ingbert op"]
[Site "St Ingbert"]
[Date "1987.??.??"]
[Round "2"]
[White "Polajzer, Danilo"]
[Black "Huebener, J."]
[Result "1-0"]
[WhiteElo "2375"]
[BlackElo "2230"]

1.d4 Nf6 2.c4 g6 3.Nc3 Bg7 4.e4 d6 5.Be2 O-O 6.Nf3 e5 7.O-O Nc6 8.d5 Ne7
9.Nd2 c5 10.dxc6 bxc6 11.b4 d5 12.a4 d4 13.Na2 Be6 14.Ba3 Nd7 15.Nc1 a6 16.Qc2 Re8
17.Nd3 Qc7 18.Nb3 f5 19.Ndc5 Nxc5 20.Nxc5 Bc8 21.f3 Bh6 22.b5 Be3+ 23.Kh1 axb5
24.cxb5 cxb5 25.Bxb5 Rd8 26.Qb3+ Kg7 27.Ne6+ Bxe6 28.Qxe6 Bg5 29.Rac1  1-0

[Event "URS Army-ch"]
[Site "Tashkent"]
[Date "1987.??.??"]
[Round "?"]
[White "Chekhov, Valery A"]
[Black "Glek, Igor V"]
[Result "0-1"]
[WhiteElo "2500"]
[BlackElo "2490"]

1.d4 Nf6 2.Nf3 g6 3.c4 Bg7 4.Nc3 O-O 5.e4 d6 6.Be2 e5 7.O-O Nc6 8.Be3 Ng4
9.Bg5 f6 10.Bh4 g5 11.Bg3 Nh6 12.dxe5 fxe5 13.c5 g4 14.Bc4+ Kh8 15.Bh4 Bf6
16.Bxf6+ Qxf6 17.Ne1 dxc5 18.Nd3 Nd4 19.Nxc5 Nf3+ 20.Kh1 Qh4 21.gxf3 gxf3
22.Rg1 Bh3 23.Bf1 Bg2+ 24.Rxg2 fxg2+ 25.Bxg2 Ng4 26.Qxg4 Qxg4  0-1

[Event "Tirnavia-B"]
[Site "Trnava"]
[Date "1987.??.??"]
[Round "2"]
[White "Spiridonov, Nikola"]
[Black "Duriga, Stefan"]
[Result "0-1"]
[WhiteElo "2420"]
[BlackElo "2285"]

1.c4 Nf6 2.Nc3 g6 3.e4 d6 4.d4 Bg7 5.Nf3 O-O 6.Be2 e5 7.O-O Nc6 8.d5 Ne7
9.Ne1 Ne8 10.Nd3 c6 11.Be3 f5 12.f3 f4 13.Bd2 g5 14.b4 cxd5 15.exd5 Nf5 16.Nf2 h5
17.Nfe4 Nd4 18.c5 g4 19.Bc4 Kh8 20.Ne2 Nf5 21.fxg4 hxg4 22.g3 f3 23.N2c3 b6
24.Bg5 Qc7 25.Nb5 Qd7 26.Qd3 a6 27.Nbc3 bxc5 28.bxc5 Qa7 29.Be3 Nxe3 30.Qxe3 Bf5
31.Kh1 dxc5 32.d6 Nf6 33.Rfd1 Rad8 34.Rab1 Qa8 35.Bd5 Nxd5 36.Rxd5 f2 37.Rf1 Be6
38.Rd2 Rf3 39.Qg5 Rxc3 40.Qxd8+ Qxd8 41.Nxc3 Qa8+  0-1

[Event "Warsaw zt-B"]
[Site "Warsaw"]
[Date "1987.??.??"]
[Round "?"]
[White "Suba, Mihai"]
[Black "Sznapik, Aleksander"]
[Result "1-0"]
[WhiteElo "2560"]
[BlackElo "2425"]

1.Nf3 Nf6 2.c4 g6 3.Nc3 Bg7 4.e4 d6 5.d4 O-O 6.Be2 e5 7.O-O Nc6 8.Be3 Ng4
9.Bg5 f6 10.Bh4 g5 11.Bg3 Nh6 12.dxe5 fxe5 13.h3 Be6 14.c5 Nf7 15.cxd6 Nxd6
16.Qd2 h6 17.Rfd1 Qd7 18.Rac1 Qf7 19.Qe3 Rae8 20.b3 Kh8 21.Nb5 Nc8 22.Rxc6 bxc6
23.Nxe5 Bxe5 24.Bxe5+ Kh7 25.Nxc7 Rd8 26.Rxd8 Rxd8 27.Nxe6 Qxe6 28.Bb2 Ne7
29.Bg4 Qf7 30.Qxa7 Kg8 31.Qa5 Rf8 32.Qc5 Rd8 33.Qc3 Kh7 34.a4 Rb8 35.Be6 Qg6
36.Qd4 h5 37.Qd7 Re8 38.Bf5  1-0

[Event "Warsaw zt-B"]
[Site "Warsaw"]
[Date "1987.??.??"]
[Round "?"]
[White "Pekarek, Ales"]
[Black "Sznapik, Aleksander"]
[Result "0-1"]
[WhiteElo "2480"]
[BlackElo "2425"]

1.Nf3 Nf6 2.c4 g6 3.Nc3 Bg7 4.e4 d6 5.d4 O-O 6.Be2 e5 7.O-O Nc6 8.d5 Ne7
9.Nd2 c5 10.Rb1 Ne8 11.b4 b6 12.bxc5 bxc5 13.Nb3 f5 14.Bg5 h6 15.Bxe7 Qxe7
16.Na5 Nf6 17.Nc6 Qd7 18.exf5 gxf5 19.Rb3 e4 20.Qc1 Bb7 21.Qf4 Bxc6 22.dxc6 Qxc6
23.Nb5 Nh7 24.Nxd6 Qd7 25.Rd1 Qe6 26.Rd5 Rad8 27.Rg3 Kh8 28.Bh5 Rd7 29.Rg6 Rf6
30.Rxg7 Rxg7 31.Ne8 Rb7 32.h4 Rf8 33.Nd6 Rd7 34.Qd2 Qf6 35.Ne8 Qa1+ 36.Kh2 Qe5+
37.g3 Rxd5 38.cxd5 f4 39.d6 e3 40.Qe2 fxg3+ 41.fxg3 Rf2+  0-1

[Event "Warsaw zt-B"]
[Site "Warsaw"]
[Date "1987.??.??"]
[Round "?"]
[White "Farago, Ivan"]
[Black "Sznapik, Aleksander"]
[Result "1-0"]
[WhiteElo "2535"]
[BlackElo "2425"]

1.d4 Nf6 2.c4 g6 3.Nc3 Bg7 4.e4 d6 5.Be2 O-O 6.Nf3 e5 7.O-O Nc6 8.d5 Ne7
9.Nd2 a5 10.Rb1 c5 11.a3 Ne8 12.b4 axb4 13.axb4 b6 14.bxc5 bxc5 15.Nb3 f5
16.f3 Nf6 17.Bd2 Nh5 18.Ra1 Rxa1 19.Qxa1 Nf4 20.Qa5 Qxa5 21.Nxa5 fxe4 22.fxe4 Bh6
23.Bxf4 exf4 24.Nb5 Bg7 25.Nxd6 Bd7 26.Kh1 Rb8 27.Nab7 Bd4 28.e5 Bc8 29.e6 Bxb7
30.Rb1 Be5 31.Nxb7 Nf5 32.Bd3 Nd6 33.Nxc5 Rxb1+ 34.Bxb1 Nxc4 35.Ba2 Nd6 36.Nd3 Bd4
37.Nxf4 Kg7 38.g3 Kf6 39.Kg2 Bc5 40.Kf3 Bb6 41.Nd3 Bd4 42.Nb4 Bc5 43.Nc6 Bg1
44.Bb1 Bc5 45.Bd3 Ba3 46.h4 Bc1 47.g4 Bd2 48.g5+ Kg7 49.Kg4 Bc1 50.h5 gxh5+
51.Kxh5 Ba3 52.e7 Ne8 53.Bf5 Nc7 54.Bd7 Kf7 55.Kh6 Bc1 56.d6  1-0

[Event "Warsaw zt-B"]
[Site "Warsaw"]
[Date "1987.??.??"]
[Round "?"]
[White "Pekarek, Ales"]
[Black "Georgiev, Krum"]
[Result "1/2-1/2"]
[WhiteElo "2480"]
[BlackElo "2470"]

1.d4 Nf6 2.c4 g6 3.Nc3 Bg7 4.e4 d6 5.Be2 O-O 6.Nf3 e5 7.O-O Nc6 8.d5 Ne7
9.Nd2 c5 10.Rb1 Ne8 11.b4 b6 12.bxc5 dxc5 13.Bb2 Bd7 14.Bd3 Nd6 15.Ne2 f6
16.f4 Qc7 17.Qe1 Nf7 18.Qg3 f5 19.fxe5 Bxe5 20.Bxe5 Qxe5 21.Nf3 Qxg3 22.Nxg3 fxe4
23.Nxe4 Kg7 24.Rbe1 Rae8 25.Neg5 Nxg5 26.Nxg5 Rxf1+ 27.Rxf1 Nf5 28.Bxf5 Bxf5
29.g4 h6 30.gxf5 hxg5  1/2-1/2

[Event "Hoogovens-B"]
[Site "Wijk aan Zee"]
[Date "1987.??.??"]
[Round "?"]
[White "Farago, Ivan"]
[Black "Piket, Jeroen"]
[Result "1/2-1/2"]
[WhiteElo "2535"]
[BlackElo "2405"]

1.d4 Nf6 2.c4 g6 3.Nc3 Bg7 4.e4 d6 5.Be2 O-O 6.Nf3 e5 7.O-O Nc6 8.d5 Ne7
9.Nd2 c5 10.Rb1 Nd7 11.Nb5 Qb6 12.a3 a6 13.Nc3 Qc7 14.b4 b6 15.Nb3 f5 16.bxc5 bxc5
17.Bg5 Nf6 18.Nd2 Bd7 19.Qc2 h6 20.Bxf6 Bxf6 21.Rb2 f4 22.Rfb1 Rfb8 23.Rb3 Nc8
24.Bd1 Bd8  1/2-1/2

[Event "POL-ch (Women)"]
[Site "Wroclaw"]
[Date "1987.??.??"]
[Round "4"]
[White "Szmacinska, Grazyna"]
[Black "Kurlenda, Alicja"]
[Result "1/2-1/2"]
[WhiteElo "2315"]
[BlackElo "2000"]

1.d4 Nf6 2.Nf3 g6 3.c4 Bg7 4.Nc3 O-O 5.e4 d6 6.Be2 e5 7.O-O Nc6 8.d5 Ne7
9.Nd2 c5 10.a3 a6 11.b4 b6 12.Rb1 Nd7 13.bxc5 bxc5 14.Nb3 f5 15.Bd2 Nf6 16.f3 Bd7
17.Na1 Nh5 18.Re1 Kh8 19.Qb3 Rb8 20.Qxb8 Qxb8 21.Rxb8 Rxb8 22.Rb1 Rxb1+ 23.Nxb1 Kg8
24.Ba5 Nc8 25.Bc7 Kf7 26.Kf2 Bh6 27.Nb3 Ba4 28.N1d2 fxe4 29.fxe4 Nf6 30.Bf3 Ke7
31.Ke2 Bg5 32.g3 h5 33.Kd3 Bh6 34.h4 Kd7 35.Nxc5+ dxc5 36.Bxe5 Ke7 37.Bc3 Ng4
38.Bxg4 hxg4 39.e5 Bxd2 40.Bxd2 Nb6 41.Be3 Nd7 42.e6 Ne5+ 43.Kc3 Kd6 44.Bf4 Bd1
45.Kb2 Ba4 46.Kc3 Bd1 47.e7 Ba4 48.Kd2 Be8 49.Ke2 g5 50.hxg5 Bf7 51.Kd2 a5
52.Kc3  1/2-1/2

[Event "Wch Girls U20"]
[Site "Adelaide"]
[Date "1988.??.??"]
[Round "?"]
[White "Arakhamia, Ketevan"]
[Black "Arribas, Maritza"]
[Result "1/2-1/2"]
[WhiteElo "2420"]
[BlackElo "2105"]

1.d4 Nf6 2.c4 g6 3.Nc3 Bg7 4.e4 d6 5.Nf3 O-O 6.Be2 e5 7.O-O Nc6 8.Be3 Ng4
9.Bg5 f6 10.Bh4 exd4 11.Nxd4 Nxd4 12.Qxd4 Kh8 13.Qd5 Qe7 14.Rad1 Be6 15.Qxb7 Rfb8
16.Qa6 Rxb2 17.Rb1 Rxb1 18.Rxb1 g5 19.Qb7 Re8 20.Bg3 f5 21.Bxg4 Bxc3 22.Bh5 Bf7
23.Qb3 Bg7 24.Bxf7 Qxf7 25.exf5 Qxf5 26.h3 h6 27.Rd1 Qe4 28.Qa4 Re6 29.Qb3 Kh7
30.f3 Qe3+ 31.Bf2 Qxb3 32.axb3 a5 33.Rd5 Bc3 34.Rb5 Kg6 35.Kf1 Kf6 36.c5 c6
37.Rb6 d5 38.Rb8 Ke7 39.Bg3 Be5 40.Rb7+ Kf6  1/2-1/2

[Event "Wch U20"]
[Site "Adelaide"]
[Date "1988.??.??"]
[Round "2"]
[White "Piket, Jeroen"]
[Black "Schlosser, Michael"]
[Result "1-0"]
[WhiteElo "2495"]
[BlackElo "2380"]

1.d4 Nf6 2.Nf3 g6 3.c4 Bg7 4.Nc3 O-O 5.e4 d6 6.Be2 e5 7.O-O Nc6 8.d5 Ne7
9.Ne1 Nd7 10.Be3 f5 11.f3 f4 12.Bf2 g5 13.b4 a6 14.c5 Kh8 15.Rc1 h5 16.Na4 Ng8
17.Qc2 Rf7 18.Nd3 Bf6 19.Ndb2 Rg7 20.cxd6 cxd6 21.Nc4 g4 22.Nxd6 g3 23.Be1 gxh2+
24.Kh1 Bh4 25.Bxh4 Qxh4 26.Nf5 Qg5 27.Nxg7 Qxg7 28.Qc7 Qg5 29.Nb2 h4 30.Nd3 Nh6
31.Qd6 Qg7 32.Rc7 h3 33.gxh3 Nf7 34.Qe7  1-0

[Event "Wch U20"]
[Site "Adelaide"]
[Date "1988.??.??"]
[Round "6"]
[White "Adla, Diego"]
[Black "Paneque, Pedro"]
[Result "1/2-1/2"]
[WhiteElo "2340"]
[BlackElo "2300"]

1.d4 Nf6 2.c4 g6 3.Nc3 Bg7 4.e4 d6 5.Be2 O-O 6.Nf3 e5 7.O-O Nc6 8.Be3 Ng4
9.Bg5 f6 10.Bc1 Kh8 11.d5 Ne7 12.Ne1 f5 13.Bxg4 fxg4 14.f3 gxf3 15.Nxf3 Bg4
16.h3 Bxf3 17.Rxf3 Ng8 18.Rxf8 Qxf8 19.Qe2 a6 20.Bd2 Qe7 21.Rf1 Bh6 22.Bxh6 Nxh6
23.Qe3 Ng8 24.b3 Kg7 25.Rf2 Nf6 26.Ne2 Nd7 27.Nc1 h6 28.g3 Qg5 29.Qxg5 hxg5
30.Nd3 Rh8 31.Kg2 Nf6 32.Re2 g4 33.hxg4 Nxg4 34.Kf3 Nh2+ 35.Kg2 Ng4 36.Kf3 Nf6
37.Kg2 Kh6 38.Nf2 g5 39.Rc2 b6 40.b4 Nd7 41.Nd3 Nf6 42.Nf2 Nd7 43.Nd3  1/2-1/2

[Event "Wch U20"]
[Site "Adelaide"]
[Date "1988.??.??"]
[Round "8"]
[White "Piket, Jeroen"]
[Black "Paneque, Pedro"]
[Result "1-0"]
[WhiteElo "2495"]
[BlackElo "2300"]

1.d4 Nf6 2.Nf3 g6 3.c4 Bg7 4.Nc3 O-O 5.e4 d6 6.Be2 e5 7.O-O Nc6 8.d5 Ne7
9.Ne1 Nd7 10.Be3 f5 11.f3 f4 12.Bf2 g5 13.b4 Nf6 14.c5 Ng6 15.cxd6 cxd6 16.Rc1 Rf7
17.a4 h5 18.a5 Bd7 19.Nb5 Bxb5 20.Bxb5 g4 21.Kh1 g3 22.Bg1 gxh2 23.Bf2 h4
24.Kxh2 Nh5 25.Rg1 Ng3 26.a6 bxa6 27.Bxa6 Bf8 28.Nd3 Rh7 29.Be1 h3 30.gxh3 Qh4
31.Nf2 Kh8 32.Rc8 Rxc8 33.Bxc8 Be7 34.Nh1 Qh6 35.Be6 Nf8 36.Bg4 Bd8 37.Nxg3 fxg3+
38.Bxg3 Bb6 39.Rg2 Ng6 40.Qa4 Nf4 41.Qe8+ Kg7 42.Bh4 Qg6 43.Qxg6+ Nxg6 44.Bf5 Rxh4
45.Rxg6+ Kf7 46.Rxd6 Rh8 47.Rd7+ Kf6 48.Rb7 Be3 49.Kg3 Rg8+ 50.Bg4 Ra8 51.h4 Kg6
52.Be6 Kh5 53.Bf7+ Kh6 54.Kg4 a5 55.bxa5 Rxa5 56.Kf5 Bd4 57.Bg6 Ra7 58.Rxa7 Bxa7
59.h5  1-0

[Event "Wch U20"]
[Site "Adelaide"]
[Date "1988.??.??"]
[Round "11"]
[White "Adla, Diego"]
[Black "Schlosser, Michael"]
[Result "0-1"]
[WhiteElo "2340"]
[BlackElo "2380"]

1.d4 Nf6 2.c4 g6 3.Nc3 Bg7 4.e4 d6 5.Be2 O-O 6.Nf3 e5 7.O-O Nc6 8.Be3 Ng4
9.Bg5 f6 10.Bc1 Bd7 11.h3 Nh6 12.dxe5 dxe5 13.Be3 Nf7 14.Qb3 Qc8 15.Rad1 Nfd8
16.c5+ Kh8 17.Nd5 Ne6 18.Qd3 Be8 19.Qd2 f5 20.exf5 gxf5 21.Bh6 Qd7 22.Bb5 f4
23.Bxc6 bxc6 24.Bxg7+ Qxg7 25.Nc3 Bh5 26.Kh2 Bxf3 27.gxf3 Nd4 28.Qd3 Rf5
29.Ne2 Qh6  0-1

[Event "OHRA-B"]
[Site "Amsterdam"]
[Date "1988.??.??"]
[Round "?"]
[White "Mednis, Edmar John"]
[Black "Pieterse, Gert"]
[Result "1/2-1/2"]
[WhiteElo "2435"]
[BlackElo "2425"]

1.c4 g6 2.Nf3 Bg7 3.d4 Nf6 4.Nc3 O-O 5.e4 d6 6.Be2 e5 7.O-O Nc6 8.Be3 Ng4
9.Bg5 f6 10.Bh4 g5 11.Bg3 Nh6 12.dxe5 fxe5 13.Nd5 Kh8 14.Rc1 g4 15.Nd2 Nd4
16.c5 c6 17.Ne3 dxc5 18.Rxc5 Qe7 19.Rc3 Qg5 20.f3 gxf3 21.Nxf3 Qe7 22.Kh1 Be6
23.a3 Rad8 24.Qe1 Ng4 25.Nxg4 Bxg4 26.b4 Bxf3 27.Bxf3 Ra8 28.Rd3 a5 29.Qc3 axb4
30.axb4 Ra4 31.Rb1 Rfa8 32.Qc5 Qe6 33.Rbd1 Ra1 34.Qc3 Rxd1+ 35.Rxd1 Qe7 36.Rb1 Qf7
37.Rf1 Qe7 38.Rb1  1/2-1/2

[Event "OHRA-B"]
[Site "Amsterdam"]
[Date "1988.??.??"]
[Round "?"]
[White "Lerner, Konstantin Z"]
[Black "Pieterse, Gert"]
[Result "1-0"]
[WhiteElo "2530"]
[BlackElo "2425"]

1.d4 Nf6 2.Nf3 g6 3.c4 Bg7 4.Nc3 O-O 5.e4 d6 6.Be2 e5 7.O-O Nc6 8.d5 Ne7
9.Nd2 a5 10.Rb1 Bd7 11.b3 Nc8 12.a3 Nb6 13.Qc2 Ne8 14.b4 axb4 15.axb4 Na4
16.Nxa4 Bxa4 17.Qc3 Bd7 18.c5 f5 19.f3 Bh6 20.c6 Bc8 21.cxb7 Bxb7 22.Nb3 Bxc1
23.Rbxc1 Rf7 24.Na5 Qb8 25.Qe3 Nf6 26.Ra1 f4 27.Qf2 g5 28.Kh1 Kh8 29.Rfc1 Rg7
30.Ra3 Bxd5 31.exd5 Qxb4 32.Rca1 Nxd5 33.Bd3 Ne3 34.Qa2 c5 35.Rb1 Qd4 36.Nc6 Rxa3
37.Rb8+  1-0

[Event "OHRA-B"]
[Site "Amsterdam"]
[Date "1988.??.??"]
[Round "?"]
[White "Ligterink, Gert"]
[Black "Vanheste, Jeroen"]
[Result "0-1"]
[WhiteElo "2445"]
[BlackElo "2390"]

1.Nf3 Nf6 2.c4 g6 3.Nc3 Bg7 4.e4 d6 5.d4 O-O 6.Be2 e5 7.O-O Nc6 8.d5 Ne7
9.Ne1 Nd7 10.Nd3 f5 11.Bd2 c5 12.Rb1 Nf6 13.f3 f4 14.b4 b6 15.bxc5 bxc5 16.Qa4 g5
17.Nf2 h5 18.h3 Bh6 19.Rb2 Kh7 20.Rfb1 Rg8 21.Qd1 Ng6 22.Rb8 Rxb8 23.Rxb8 Qe7
24.Nb5 a6 25.Nc3 Nh4 26.Be1 Nxg2 27.Kxg2 Bxh3+ 28.Nxh3 Rxb8 29.Nf2 Rg8 30.Kf1 Qg7
31.Qa4 g4 32.Qc6 gxf3 33.Bxf3 Ng4 34.Nxg4 hxg4 35.Bd1 f3 36.Bg3 Bd2 37.Qxd6 Bxc3
38.Ba4 Qg5 39.Bd1 Qh5 40.Qe7+ Rg7 41.Qh4 Qxh4 42.Bxh4 Kg8 43.d6 Rh7 44.Ba4 Rxh4
45.d7  0-1

[Event "EU-ch U20"]
[Site "Arnhem"]
[Date "1988.??.??"]
[Round "6"]
[White "Lev, Ronen"]
[Black "Van Wely, Loek"]
[Result "0-1"]
[WhiteElo "2415"]
[BlackElo "2325"]

1.d4 Nf6 2.c4 g6 3.Nc3 Bg7 4.e4 O-O 5.Nf3 d6 6.Be2 e5 7.O-O Nc6 8.d5 Ne7
9.Nd2 c5 10.dxc6 bxc6 11.b4 d5 12.Ba3 d4 13.Na4 Nd7 14.Nb3 f5 15.Nac5 Nf6
16.exf5 gxf5 17.b5 cxb5 18.cxb5 Ned5 19.Bc4 Kh8 20.Qe1 Nb6 21.Ne6 Bxe6 22.Bxe6 Re8
23.Bxf5 e4 24.Rc1 e3 25.fxe3 Nbd5 26.Rf3 Nxe3 27.Qh4 Nxf5 28.Rxf5 Re4 29.Qg3 Rc8
30.h3 Re2 31.Rxc8 Qxc8 32.Rc5 Qe8 33.Rc1 Rxa2 34.Bb4 Nd5 35.Bd2 Ne3 36.Qf3 h6
37.Qb7 Qg6 38.Qf3 Kh7 39.Rc7 Nf5 40.Qd3  0-1

[Event "EU-ch U20"]
[Site "Arnhem"]
[Date "1988.??.??"]
[Round "12"]
[White "Thorhallsson, Throstur"]
[Black "Degraeve, Jean Marc"]
[Result "1/2-1/2"]
[WhiteElo "2410"]
[BlackElo "2315"]

1.d4 Nf6 2.c4 g6 3.Nc3 Bg7 4.e4 d6 5.Be2 O-O 6.Nf3 e5 7.O-O Nc6 8.d5 Ne7
9.Ne1 Nd7 10.Be3 f5 11.f3 f4 12.Bf2 g5 13.Nb5 b6 14.b4 a6 15.Nc3 Rf6 16.a4 Rh6
17.Nd3 Qe8 18.Re1 Nf6 19.h3 Qh5 20.Bf1 Rg6 21.Be2 Rh6 22.Bf1 Rg6 23.Be2  1/2-1/2

[Event "Baku"]
[Site "Baku"]
[Date "1988.??.??"]
[Round "?"]
[White "Dumitrache, Dragos"]
[Black "Guseinov, Aidyn"]
[Result "1/2-1/2"]
[WhiteElo "2405"]
[BlackElo "2325"]

1.d4 Nf6 2.c4 g6 3.Nc3 Bg7 4.e4 d6 5.Be2 O-O 6.Nf3 e5 7.O-O Nc6 8.Be3 Ng4
9.Bg5 f6 10.Bh4 g5 11.Bg3 Nh6 12.dxe5 fxe5 13.h3 g4 14.hxg4 Nxg4 15.c5 dxc5
16.Qd5+ Qxd5 17.Nxd5 Rb8 18.Nxc7 Nf6 19.Rfe1 Nh5 20.Bh2 Nf4 21.Bc4+ Kh8 22.Rad1 Bg4
23.Bxf4 Bxf3 24.gxf3 exf4 25.Ne6 Bxb2 26.Nxf8 Rxf8 27.Rd5 Ne5 28.Be2 Bd4
29.Rd6 Re8 30.Kg2 Kg7 31.Rh1 Re7 32.Rh5 Ng6 33.Rd8 h6 34.Rd6 b6 35.Ba6 Bf6
36.Rhd5 Ne5 37.Rd8 Kf7 38.Bb5 Rc7 39.R8d6 c4 40.Rd1 Ke7 41.R6d2 Rc8 42.Rc2 c3
43.Kf1 Nxf3 44.Rd7+ Ke6 45.Rxa7 Ke5 46.Bd3 Nd4 47.Rc1 f3 48.Rd7 Ke6 49.Rd5 Bg5
50.Rb1 c2 51.Bxc2 Nxc2 52.Rxb6+ Kf7 53.Rf5+ Kg7 54.Rxf3 Rc4 55.e5 Nd4 56.Rd3 Nc6
57.e6 Bd8 58.Rbb3 Nd4 59.Ra3 Rb4 60.Ra7+ Kf6  1/2-1/2

[Event "Balatonbereny op"]
[Site "Balatonbereny"]
[Date "1988.??.??"]
[Round "4"]
[White "Juraczka, Franz"]
[Black "Pirisi, Gabor"]
[Result "0-1"]
[WhiteElo "2245"]
[BlackElo "2350"]

1.d4 Nf6 2.c4 g6 3.Nc3 Bg7 4.e4 d6 5.Be2 O-O 6.Nf3 e5 7.O-O Nc6 8.d5 Ne7
9.Ne1 Nd7 10.Nd3 f5 11.Bd2 Rf7 12.b4 Nf6 13.f3 f4 14.c5 g5 15.Nf2 Ng6 16.cxd6 cxd6
17.Qc2 h5 18.h3 Bf8 19.Rfc1 Rg7 20.Nb5 g4 21.fxg4 hxg4 22.hxg4 Nh4 23.Nc7 Bxg4
24.Nxg4 Nxg4 25.Nxa8 Qg5 26.Bxg4 Qxg4 27.Be1 Nxg2 28.Qc8 Qf3 29.Qe6+ Kh7
30.Rc7 Ne3+ 31.Rxg7+ Bxg7 32.Qf5+ Nxf5 33.exf5 e4 34.Rd1 Bd4+  0-1

[Event "URS-ch otbor56"]
[Site "Barnaul"]
[Date "1988.??.??"]
[Round "?"]
[White "Kiselev, Sergey"]
[Black "Timoshchenko, Gennadi A"]
[Result "1/2-1/2"]
[WhiteElo "2420"]
[BlackElo "2455"]

1.d4 Nf6 2.c4 g6 3.Nc3 Bg7 4.e4 d6 5.Nf3 O-O 6.Be2 e5 7.O-O Nc6 8.Be3 Re8
9.dxe5 dxe5 10.h3 Bd7 11.Qc2 Qc8 12.Rfd1 Nh5 13.Nd5 Nd8 14.Bc5 Nc6 15.b4 b6
16.Be3 Nd8 17.Bg5 f6 18.Be3 c6 19.Nc3 Bf8 20.c5 bxc5 21.bxc5 Nf4 22.Bxf4 exf4
23.Qd2 Be6 24.Qxf4 Bf7 25.Rac1 Qe6 26.e5 fxe5 27.Qe3 e4 28.Ng5 Qe7 29.Ngxe4 Bg7
30.Bf3 Nb7 31.Rd2 Rad8 32.Rcd1 Rxd2 33.Rxd2 Nxc5 34.Qxc5 Qxc5 35.Nxc5 Bxc3
36.Rc2 Re1+ 37.Kh2 Bd4 38.Bxc6 Bxa2 39.Nd3 Re6 40.Ba4 Bb1 41.Rc4 Rd6 42.Bc2 Bxc2
43.Rxc2 a5 44.Kg3 Bb6 45.Ne5 a4 46.Rc4 Rd4 47.Rc6 Rb4 48.Nc4 Bd4 49.Kf3 Kf7
50.Ke2 Ke7 51.f4 Ba1 52.Kd3 a3 53.Ra6 Bb2 54.g4 Rb3+ 55.Ke4 Rxh3 56.Ra7+ Ke6
57.Ra6+ Kd7 58.Nxb2 axb2 59.Rb6 Rh2 60.f5 gxf5+ 61.gxf5  1/2-1/2

[Event "GMA-Open"]
[Site "Belgrade"]
[Date "1988.??.??"]
[Round "?"]
[White "Miladinovic, Igor"]
[Black "Georgiev, Krum"]
[Result "0-1"]
[WhiteElo "2380"]
[BlackElo "2505"]

1.d4 Nf6 2.c4 g6 3.Nc3 Bg7 4.e4 d6 5.Nf3 O-O 6.Be2 e5 7.O-O Nc6 8.d5 Ne7
9.Ne1 Nd7 10.Be3 f5 11.f3 f4 12.Bf2 Rf7 13.Nd3 g5 14.c5 Nf6 15.Rc1 Ng6 16.cxd6 cxd6
17.Nb5 g4 18.g3 fxg3 19.hxg3 gxf3 20.Bxf3 Bh3 21.Re1 Bh6 22.Rc2 a6 23.Na3 Qf8
24.Kh2 Bd7 25.Kg2 Qg7 26.Rh1 b5 27.Be1 Raf8 28.Rf2 Be3 29.Rff1 Nxe4 30.Qe2 Nxg3
31.Bxg3 Nf4+ 32.Nxf4 exf4 33.Rh2 fxg3 34.Rh4 Qg5 35.Re4 Bf4 36.Rh1 Be5 37.Re3  0-1